La gansada. (Registro nro. 3041)
[ vista simple ]
| 000 -LEADER | |
|---|---|
| fixed length control field | 01404nam a2200205 a 4500 |
| 008 - CAMPO DE CONTROL (LIBRO) | |
| fixed length control field | 190916s2015 a ||||gr|||| 000 1 s d |
| 020 ## - INTERNATIONAL STANDARD BOOK NUMBER | |
| ISBN | 9789504936688 |
| 041 ## - CODIGO DE IDIOMA | |
| Código de idioma del texto/pista de sonido o título separado | spa |
| 092 ## - SIGNATURA TOPOGRAFICA DEWEY LOCAL | |
| número de clasificación | 808 |
| libristica | 26 |
| sección | FON |
| 100 1# - ENTRADA PRINCIPAL--NOMBRE PERSONAL | |
| Nombre personal | Fontanarrosa, Roberto. |
| 9 (RLIN) | 4089 |
| 245 3# - TITULO PROPIAMENTE DICHO | |
| Título | La gansada. |
| Subtítulo y Título paralelo | Novela / |
| Mención de responsabilidad y remanente de la transcripción de la portada | Roberto Fontanarrosa |
| 250 ## - MENCION DE EDICION | |
| Mención de edición | 2a ed. |
| 260 ## - PIE DE IMPRENTA | |
| Lugar de publicación, distribución, etc | Buenos Aires: |
| Nombre de la editorial, distribuidor, etc | Planeta; |
| Fecha de publicación | 2015. |
| 300 ## - DESCRIPCION FISICA | |
| Extension | 320 p. |
| Otros detalles físicos | 21x13cm |
| 500 ## - NOTA GENERAL | |
| Nota general | Fontanarrosa, R. (2015). La gansada. Novela. (2a ed.). Buenos Aires : Planeta. |
| 505 ## - NOTA DE CONTENIDO | |
| Nota de contenido formateada | "Amapola Vanderhoeven sintió el frío del ambiente en el rostro, como una bofetada. Nunca le habían pegado, aunque más de una vez se lo mereciese, y su primer reacción fue de enojo. Luego se aquietó, comprendiendo que la naturaleza misma de la morgue requería de esa particularidad climática". Esteban debe operar en Japón a su madre. Cuando la bella y rica Amapola Vanderhoeven recibe la noticia de la presunta muerte de su marido, Esteban encuentra el modo de solventar la operación. Simulará amar a Amapola aunque en realidad ame a María, una obrera de la curtiembre de pieles de cerdo, que es la base de la fortuna de los Vanderhoeven. Un incendio en "La Gansada", la casa de veraneo de la familia, dará lugar a la tormenta que se desarrollará entre los habitantes de la mansión. |
| 590 ## - NOTAS LOCALES (RLIN) | |
| Nota local | Donación septiembre 2019. |
| 655 ## - MATERIA - GENERO/FORMA | |
| Género/Forma | Literatura |
| -- | 2917 |
| 942 ## - ADDED ENTRY ELEMENTS (KOHA) | |
| Source of classification or shelving scheme | Dewey Decimal Classification |
| Item type | LITERATURA |
| Estado de retiro | Existencia | Fuente de clasificación | Estado general | No para prestamo | Ubicación permanente | ubicación actual | Sala de ubicación | Fecha de adquisición | Fuente de adquisición | Total Checkouts | Número de clasificación | Código de barras | Date last seen | Número de ejemplar | Price effective from | Koha tipo de elemento (item) | Public note |
|---|---|---|---|---|---|---|---|---|---|---|---|---|---|---|---|---|---|
| Dewey Decimal Classification | Biblioteca Medicina | Biblioteca Medicina | Circulación | 16/09/2019 | Donación septiembre 2019. | 808 26 FON | 4574 | 16/09/2019 | Ej. 1 | 16/09/2019 | LITERATURA | Proyecto 4to libro Donación . Septiembre 2019. |